| 000 | 00648nam a2200241Ia 4500 | ||
|---|---|---|---|
| 003 | OSt | ||
| 005 | 20220107122655.0 | ||
| 008 | 130318s9999 xx 000 0 und d | ||
| 020 | _a9788120323728 | ||
| 040 | _cIIITM-K | ||
| 082 | _a006.37 FOR/C | ||
| 100 |
_aForsyth, David A _9676 |
||
| 245 |
_aComputer Vision:A Modern Approach _cBy David A Forsyth, Jean Ponce |
||
| 260 |
_bPHI Learning, _aNew Delhi, _c2009. |
||
| 300 | _a693 | ||
| 650 |
_aCOMPUTER SCIENCE _9677 |
||
| 650 |
_aPHYSICS _9678 |
||
| 650 |
_aMEDICAL IMAGING _9679 |
||
| 650 |
_aGEOMETRY _9680 |
||
| 650 |
_aPROBABILITY _9681 |
||
| 700 |
_aPonce, Jean _9682 |
||
| 942 |
_2ddc _cBK |
||
| 999 |
_c2283 _d2283 |
||